| 000 | 00473nam a2200169Ia 4500 | ||
|---|---|---|---|
| 999 |
_c19787 _d19787 |
||
| 003 | OSt | ||
| 005 | 20200629101709.0 | ||
| 008 | 190216s9999||||xx |||||||||||||| ||und|| | ||
| 040 | _coclc | ||
| 082 |
_a954.82 _bSUB/H |
||
| 100 |
_aSubrahmanian, N _92342 |
||
| 245 | 0 |
_aHistory Of Tamilnadu / _cN Subrahmanian |
|
| 250 | _a3rd Ed. | ||
| 260 |
_bFaber And Faber, _c1984. _aMadurai: |
||
| 300 | _a298p | ||
| 942 |
_cBK _2ddc _h954.82 _iSUB/H _k954.82 _mSUB/H |
||